| 000 | 00702 a2200133 4500 | ||
|---|---|---|---|
| 003 | Nust | ||
| 005 | 20170207154010.0 | ||
| 040 | _cNust | ||
| 082 | _a005.133 | ||
| 245 | _aC Sharp Complete-(E-BOOK) | ||
| 505 | _aChapter 1: Introduction to Visual C# and the .NET Framework Chapter 2: Zen and Now—The C# Language Chapter 3: Strings, Dates, Times, and Time Spans Chapter 4: Object-Oriented Programming Chapter 5: Derived Classes Chapter 6: Arrays, Indexers, and Collections Chapter 7: Reflecting on Classes Chapter 8: Building a Better Windows Interface Chapter 9: Building Desktop Applications Chapter 10: Working with Threads Chapter 11: Overview of the ADO.NET Classes | ||
| 650 | _aC | ||
| 651 | _aE-BOOK | ||
| 942 |
_2ddc _cBK |
||
| 999 |
_c191147 _d191147 |
||